Heat and mass transfer (Record no. 5861)

000 -LEADER
fixed length control field 00529nam a2200205 4500
001 - CONTROL NUMBER
control field 5861
003 - CONTROL NUMBER IDENTIFIER
control field BD-DhUET
008 - FIXED-LENGTH DATA ELEMENTS--GENERAL INFORMATION
fixed length control field 700409m19679999is a b 000 0 eng
040 ## - CATALOGING SOURCE
Original cataloging agency DLC
Transcribing agency DLC
Modifying agency BD-DhUET
082 00 - DEWEY DECIMAL CLASSIFICATION NUMBER
Classification number 621.011
Item number ECK/1959
100 ## - MAIN ENTRY--PERSONAL NAME
Personal name Eckert, R. R. G.
245 00 - TITLE STATEMENT
Title Heat and mass transfer
250 ## - EDITION STATEMENT
Edition statement 2nd ed.
260 ## - PUBLICATION, DISTRIBUTION, ETC. (IMPRINT)
Place of publication, distribution, etc. New York
Name of publisher, distributor, etc. McGraw-Hill
Date of publication, distribution, etc. 1959
300 ## - PHYSICAL DESCRIPTION
Extent xiv, 530p.
490 1# - SERIES STATEMENT
Series statement McGraw-Hill series in mechanical engineering
650 #0 - SUBJECT ADDED ENTRY--TOPICAL TERM
Topical term or geographic name as entry element Heat-Transmission
700 ## - ADDED ENTRY--PERSONAL NAME
Personal name Drake, Robert M.
942 ## - ADDED ENTRY ELEMENTS (KOHA)
Koha item type General Book
Holdings
Source of classification or shelving scheme Koha item type Copy number Price effective from Shelving location Koha full call number Sublocation or collection (holding branch) Koha date last borrowed Location (home branch) Koha normalized classification for sorting Damaged status Withdrawn status Date acquired Koha issues (times borrowed) Lost status Not for loan Piece designation (barcode) Koha date last seen
 General Book 2014-11-29Circulation section621.011/ECK/1959Central Library, BUET Central Library, BUET621_011000000000000_ECK_1959  2014-11-29   366682014-11-29
 General Book22014-12-03Circulation section621.011/ECK/1959Central Library, BUET Central Library, BUET621_000000000000000_011ECK1959  2014-12-03   148842014-12-03
 General Book32015-04-12Circulation section621.011/ECK/1959Central Library, BUET Central Library, BUET621_011000000000000_ECK_1959  2015-04-12   113022015-04-12
 General Book42015-04-12Circulation section621.011/ECK/1959Central Library, BUET Central Library, BUET621_011000000000000_ECK_1959  2015-04-12   312762015-04-12
 General Book52015-04-12Circulation section621.011/ECK/1959Central Library, BUET Central Library, BUET621_011000000000000_ECK_1959  2015-04-12   312742015-04-12
 General Book62015-04-12Circulation section621.011/ECK/1959Central Library, BUET Central Library, BUET621_011000000000000_ECK_1959  2015-04-12   312712015-04-12
 General Book72015-04-12Circulation section621.011/ECK/1959Central Library, BUET Central Library, BUET621_011000000000000_ECK_1959  2015-04-12   312722015-04-12
 General Book82015-04-13Circulation section621.011/ECK/1959Central Library, BUET2020-03-02Central Library, BUET621_011000000000000_ECK_1959  2015-04-131  312772021-11-28
 General Book92015-04-13Circulation section621.011/ECK/1959Central Library, BUET Central Library, BUET621_011000000000000_ECK_1959  2015-04-13   113012015-04-13
 General Book102015-04-13Circulation section621.011/ECK/1959Central Library, BUET Central Library, BUET621_011000000000000_ECK_1959  2015-04-13   113032015-04-13
 General Book112015-04-13Circulation section621.011/ECK/1959Central Library, BUET Central Library, BUET621_011000000000000_ECK_1959  2015-04-13   246252015-04-13
 General Book122015-04-13Circulation section621.011/ECK/1959Central Library, BUET Central Library, BUET621_011000000000000_ECK_1959  2015-04-13   76522015-04-13
 General Book132015-04-13Circulation section621.011/ECK/1959Central Library, BUET Central Library, BUET621_011000000000000_ECK_1959  2015-04-13   243202015-04-13
 General Book142015-04-13Circulation section621.011/ECK/1959Central Library, BUET Central Library, BUET621_011000000000000_ECK_1959  2015-04-13   249762015-04-13
 General Book152015-04-13Circulation section621.011/ECK/1959Central Library, BUET Central Library, BUET621_011000000000000_ECK_1959  2015-04-13   312752015-04-13
 General Book162015-06-16Reading section621.011/ECK/1959Central Library, BUET Central Library, BUET621_011000000000000_ECK_1959  2015-06-16   76552015-06-16